| 000 | 00433cam a2200169 4500 | ||
|---|---|---|---|
| 020 | _a0471652709 | ||
| 040 | _cDLC | ||
| 082 | 0 | 0 | _a301 WIL 1971 A018 Or. |
| 100 | 1 | _aOdum, Howard T. | |
| 245 | 1 | 0 | _aEnvironment, power, and society |
| 260 |
_aNew York, _bWiley-Interscience _c[1970, c1971] |
||
| 300 |
_aix, 331 p. _billus. _c24 cm. |
||
| 650 | 0 | _aEcology. | |
| 650 | 0 | _aHuman ecology. | |
| 650 | 0 | _aForce and energy. | |
| 942 | _cEK | ||
| 999 |
_c12093 _d12093 |
||